1015 1568 1229 1124 1523 1697 1938 1654 1276 1698 1336 1635 1218 1116 1614 1821 1138 1539 1491 1800 1514 1238 1966 1349 1650 1261 1610 1360 1594 1648 1564 1837 1858 1071 1040 1362 1368 1004 1492 1575 1401 1128 1732 1839 1966 1534 1955 1232 1747 1160 1174 1341 1124 1876 1700 1758 1285 1111 1374 1343 1436 1869 1248 1203 1404 1783 1887 1120 1469 1627 1446 1269 1271 1749 1330 1986 1970 1157 1956 1213 1724 1938 1119 1622 1054 1756 1634 1231 1405 1552 1072 1501 1392 1261 1019 1708 1470 1354 1704 BCNSPRNW ULIB Ver.6.0+V

เปลี่ยนเป็นภาษาไทย

Change to English
 แสดงรายละเอียดบรรณานุกรม
  กลับหน้าหลัก

Brief Record : Get Marc (ISO 2709) : E-mail record : QR code < ปิดหน้าต่าง
LEADER : 00000nam 2200000uu 4500
001    13399120805
003     ULIB
008    121017s2550||||th 000 0 tha d
099    วจ.HD58.82^b456ค
100 0  วาณี โพธิ์นคร และจิราจันทร์ คณฑา
110 1  วิทยาลัยพยาบาลบรมราชชนนี สวรรค์ประชารักษ์ นครสวรรค์
245 00 ความสัมพันธ์ระหว่างรูปแบบการตัดสินใจและลักษณะความเป็นองค์กรแห่งการเรียนรู้ตามการรับรู้ของอาจารย์ วิทยาลัยพยาบาลราชชนนี สวรรค์ประชารักษ์ นครสวรรค์^cวาณี โพธิ์นคร และจิราจันทร์ คณฑา
260    ู^c2550
300    63 แผ่น
650  0 องค์กรแห่งการเรียนรู้^cวิจัย
650  0 รูปแบบการตัดสินใจ^cวิจัย
945    ^p0^l0^i032847
945    ^p0^l0^i032848
995    เกษร
999    ^aใช้งานได้ทุกระบบ
รายการนี้ยังไม่มีแท็ก
คุณยังไม่ได้ล็อกอิน คุณสามารถมีกิจกรรมร่วมกับเว็บไซต์ได้ แต่ต้องล็อกอินก่อน ::
  ล็อกอิน

รายการสื่อสารสนเทศ

ลำดับที่ ประเภท เลขเรียก/บาร์โค้ด สถานที่ สถานะ
1. งานวิจัย
งานวิจัย
วจ.HD58.82 456ค  
  Barcode: 032847
ห้องสมุดวิทยาเขตสวรรค์ประชารักษ์
►วิจัย
บนชั้น
2. งานวิจัย
งานวิจัย
วจ.HD58.82 456ค ฉ.2 
  Barcode: 032848
ห้องสมุดวิทยาเขตสวรรค์ประชารักษ์
►วิจัย
บนชั้น

BibComment


ยังไม่เคยถูกคอมเมนท์

คอมเมนท์ทรัพยากรรายการนี้
  คอมเมนท์: ความสัมพันธ์ระหว่..


 Copyright 2026. Bcnsprnw @Library